تحميل...

Psychology In Human And Social Development

التفاصيل البيبلوغرافية
المؤلف الرئيسي: John W Berry
مؤلفون آخرون: R.C Mishra, R.C Tripathi
التنسيق: Printed Book
منشور في: New Delhi SAGE publication 2003
LEADER 00442nam a22001457a 4500
020 |a 81-7829-013-8 
100 |a John W Berry  |9 41480 
245 |a Psychology In Human And Social Development 
260 |a New Delhi  |b SAGE publication  |c 2003 
300 |a 310p. 
700 |a R.C Mishra   |9 41481 
700 |a R.C Tripathi  |9 41482 
942 |c BK 
999 |c 92016  |d 92016 
952 |0 0  |1 0  |4 0  |7 0  |9 84592  |a SBES  |b SBES  |d 2016-09-27  |l 0  |p SBES02811  |r 2016-09-27  |w 2016-09-27  |y BK